Central Library OPAC University of Rajshahi
Normal view MARC view

Entry Topical Term

Number of records used in: 3

001 - CONTROL NUMBER

  • control field: 14708

003 - CONTROL NUMBER IDENTIFIER

  • control field: BD-RjUL

005 - DATE AND TIME OF LATEST TRANSACTION

  • control field: 20241222123500.0

008 - FIXED-LENGTH DATA ELEMENTS

  • fixed length control field: 241222|| aca||aabn | a|a d

040 ## - CATALOGING SOURCE

  • Original cataloging agency: BD-RjUL
  • Transcribing agency: BD-RjUL

150 ## - HEADING--TOPICAL TERM

  • Topical term or geographic name entry element: English language
  • Form subdivision: Grammar

670 ## - SOURCE DATA FOUND

  • Source citation: Work cat.: (BD-RjUL)84551: Schibsbye, Knud 14707, A modern english grammar / , 1965